000 00808nam a2200241 a 4500
005 20020626165708.0
008 000825s2001 nyu | b 00| 1 eng
010 _aENG-91578
020 _a9788124114247
_c395.00
035 _aEN-75111
037 _bDBAD / PUB
040 _adpl
_bEnglish
082 _aN
100 _aBansal, Atiya
245 _aThe city form here /
_cby Atiya Bansal
260 _aNew Delhi
_bHar-Anand Publications
_c2008
270 _aE-49/3, Okhla Industrial Area, Phase-II,
_bNew Delhi
_e110020
300 _a264p.:
_c22cm (pbk)
_bill
650 _aEnglish fiction
942 _2ddc
_cEN
_mBAN
_hN
999 _c18184
_d18184